[Event "Mazowiecki Festiwal Szachowy - gr. A"]
[Site "Grodzisk Mazowiecki"]
[Date "2007.07.22"]
[Round "3"]
[White "Sergeev, Vladimir"]
[Black "Czarnota, Pawel"]
[Result "0-1"]
[WhiteElo "2488"]
[BlackElo "2575"]
[PlyCount "192"]
[EventDate "2007.07.20"]

1. d4 Nf6 2. Nf3 g6 3. Bg5 Bg7 4. Nbd2 O-O 5. c3 d5 6. e3 Nbd7 7. Be2 Re8 8.
O-O e5 9. b4 h6 10. Bh4 e4 11. Ne1 Nb6 12. b5 Be6 13. a4 Nc8 14. Nb3 b6 15. Nc2
Nd6 16. Nd2 Nf5 17. Bxf6 Qxf6 18. c4 Bf8 19. Rb1 Rad8 20. Nb4 Bxb4 21. Rxb4 Qg5
22. cxd5 Bxd5 23. Bc4 Bb7 24. Re1 Nh4 25. g3 Nf3+ 26. Nxf3 exf3 27. Bd3 c5 28.
bxc6 Bxc6 29. Rc4 Bb7 30. Rc7 Re7 31. Qc2 Rdd7 32. Rxd7 Rxd7 33. Rc1 Qg4 34. a5
bxa5 35. Qc5 Kh7 36. Qxa5 Be4 37. Bf1 Qe6 38. Qc5 Rb7 39. Ra1 Qd5 40. Qf8 Qc6
41. Qa8 Qc7 42. Qe8 Qc2 43. Ba6 Rb1+ 44. Rxb1 Qxb1+ 45. Bf1 Kg7 46. Qe5+ Kh7
47. Qe8 Qb7 48. h4 h5 49. Bc4 Bd5 50. Bxd5 Qxd5 51. e4 Qa2 52. d5 Qa1+ 53. Kh2
Kg7 54. g4 hxg4 55. d6 Qd4 56. Kg3 Qxd6+ 57. e5 Qe6 58. Qb5 a6 59. Qc5 Kh7 60.
Qc7 Qf5 61. Qc5 Kg7 62. Qc7 Qe4 63. Qe7 Qc6 64. Qd8 Kh7 65. Qe7 Qc4 66. h5 gxh5
67. Qg5 Qe6 68. Qxh5+ Kg7 69. Qg5+ Qg6 70. Qf4 Qh6 71. Qd4 Qe6 72. Qc3 Kg6 73.
Qd3+ Kg7 74. Qc3 Kf8 75. Qb4+ Kg8 76. Qd4 Qc8 77. Qe3 Kf8 78. Qh6+ Ke8 79. Qh8+
Kd7 80. Qf6 Qc4 81. Qd6+ Kc8 82. Qf8+ Kb7 83. Qe7+ Kb6 84. Qd8+ Kb5 85. Qd7+
Kb4 86. Qd2+ Kb3 87. Qd1+ Ka2 88. Qd2+ Ka3 89. Qd6+ Kb3 90. Qd1+ Kc3 91. Qa1+
Kd3 92. Qd1+ Ke4 93. Kxg4 Kxe5+ 94. Kh5 Qd5 95. Qg1 Kf4+ 96. Kh6 Qe6+ 0-1

[Event "Mazowiecki Festiwal Szachowy - gr. A"]
[Site "Grodzisk Mazowiecki"]
[Date "2007.07.22"]
[Round "3"]
[White "Sharapov, Evgeny"]
[Black "Vovk, Yuri"]
[Result "0-1"]
[WhiteElo "2437"]
[BlackElo "2557"]
[PlyCount "148"]
[EventDate "2007.07.20"]

1. e4 c5 2. Nf3 d6 3. d4 cxd4 4. Nxd4 Nf6 5. Nc3 Nc6 6. g3 g6 7. Nde2 b6 8. Bg2
Bb7 9. O-O Bg7 10. Nd5 e6 11. Nxf6+ Bxf6 12. c3 O-O 13. Bh6 Re8 14. Qd2 Ne5 15.
Rad1 Qc7 16. Qxd6 Qc4 17. Nc1 Rad8 18. Qb4 Qxb4 19. cxb4 Ba6 20. Rfe1 Ng4 21.
Bf4 Bd4 22. Rxd4 Rxd4 23. e5 Rxb4 24. h3 Rxf4 25. gxf4 Nh6 26. Rd1 Rc8 27. Be4
Rc4 28. f3 Nf5 29. Kf2 Bb5 30. Nb3 Ba4 31. Rd8+ Kg7 32. Bxf5 gxf5 33. Nd4 Rc7
34. b3 Bc6 35. Ke3 Bd7 36. a4 Rc3+ 37. Kf2 Rc7 38. Kg3 Rb7 39. Kh4 Rc7 40. Kg5
Bc6 41. Kh4 Bb7 42. Nb5 Rc1 43. Nd6 Bxf3 44. Rd7 Bd5 45. Rxf7+ Kg6 46. Rf6+ Kg7
47. Rf7+ Kg6 48. Rf6+ Kg7 49. Ne8+ Kg8 50. Rh6 Bxb3 51. Nf6+ Kg7 52. Rxh7+ Kg6
53. Rxa7 Rc4 54. Kg3 Bxa4 55. h4 Bd1 56. Rd7 Rc3+ 57. Kh2 Bg4 58. Rd6 Rc2+ 59.
Kg1 Rc1+ 60. Kf2 Rc2+ 61. Ke3 Rc3+ 62. Kd2 Rf3 63. h5+ Bxh5 64. Rxe6 b5 65. Rb6
Rf2+ 66. Ke1 Re2+ 67. Kf1 Rb2 68. Nd5+ Kg7 69. e6 Rd2 70. Rb7+ Kh6 71. Rxb5
Rd1+ 72. Kf2 Rd2+ 73. Kg3 Rd3+ 74. Kh4 Bg4 0-1

[Event "Mazowiecki Festiwal Szachowy - gr. A"]
[Site "Grodzisk Mazowiecki"]
[Date "2007.07.22"]
[Round "3"]
[White "Szwed, Jacek"]
[Black "Gasanov, Eldar"]
[Result "0-1"]
[WhiteElo "2364"]
[BlackElo "2499"]
[PlyCount "172"]
[EventDate "2007.07.20"]

1. e4 e5 2. Nf3 Nc6 3. Bc4 Nf6 4. d3 h6 5. O-O d6 6. c3 g6 7. d4 Qe7 8. Re1 Bg7
9. Nbd2 O-O 10. Nf1 Bg4 11. dxe5 Nxe5 12. Be2 Nxf3+ 13. Bxf3 Bxf3 14. Qxf3 Rfe8
15. Ng3 Nd7 16. Bf4 Nc5 17. Re2 Qe6 18. Be3 Qc4 19. Bxc5 Qxc5 20. Qd3 Re5 21.
Nf1 Rae8 22. Rae1 a5 23. a4 Qc6 24. Qc2 Kh7 25. Nd2 f5 26. Re3 f4 27. R3e2 R5e6
28. Qb3 Re5 29. Qc4 Qxc4 30. Nxc4 Rc5 31. Nd2 b5 32. Nb3 Rce5 33. Nc1 bxa4 34.
Nd3 Rb5 35. Ra1 d5 36. Rxa4 Rxe4 37. Raxe4 dxe4 38. Nxf4 Bxc3 39. Rxe4 Rxb2 40.
g3 Bb4 41. Nd3 Rb1+ 42. Kg2 c5 43. Rc4 a4 44. Nxc5 a3 45. Nd3 a2 46. Rc7+ Kg8
47. Ra7 a1=Q 48. Rxa1 Rxa1 49. Nxb4 g5 50. h3 Kf7 51. Nc2 Rc1 52. Ne3 Ke6 53.
Kf3 Rh1 54. Kg4 Rh2 55. f4 gxf4 56. gxf4 Kf6 57. Nd5+ Kg7 58. h4 Rg2+ 59. Kh5
Re2 60. Kg4 Kf7 61. Kf5 Ra2 62. Ne3 Ra5+ 63. Kg4 h5+ 64. Kf3 Ke6 65. Ke4 Ra4+
66. Kf3 Ra1 67. Kg2 Re1 68. Kf2 Rh1 69. Kg3 Kf6 70. Ng2 Kf5 71. Ne3+ Ke4 72.
Nc4 Rg1+ 73. Kf2 Rg4 74. Nd2+ Kxf4 75. Nf3 Rg3 76. Ne1 Kg4 77. Ng2 Rf3+ 78. Kg1
Kg3 79. Ne1 Ra3 80. Kf1 Ra2 81. Kg1 Kxh4 82. Kf1 Kg3 83. Kg1 h4 84. Kf1 h3 85.
Kg1 h2+ 86. Kh1 Rf2 0-1

[Event "Mazowiecki Festiwal Szachowy - gr. A"]
[Site "Grodzisk Mazowiecki"]
[Date "2007.07.22"]
[Round "3"]
[White "Onischuk, Vladimir"]
[Black "Staniszewski, Piotr"]
[Result "1-0"]
[WhiteElo "2506"]
[BlackElo "2402"]
[PlyCount "125"]
[EventDate "2007.07.20"]

1. e4 e5 2. Nf3 Nc6 3. Bb5 a6 4. Ba4 Nf6 5. O-O Be7 6. Re1 b5 7. Bb3 d6 8. c3
O-O 9. h3 Na5 10. Bc2 c5 11. d4 Qc7 12. d5 Bd7 13. b3 Nb7 14. Be3 g6 15. Nbd2
Nh5 16. Bh6 Rfe8 17. Nf1 Bf6 18. Ng3 Nxg3 19. fxg3 Bg7 20. Be3 f6 21. Nd2 Nd8
22. Qe2 Nf7 23. Rf1 Rf8 24. Kh2 Kh8 25. Bd3 Nh6 26. a4 Rab8 27. g4 Ng8 28. b4
c4 29. Bc2 Bh6 30. axb5 axb5 31. Ra7 Rb7 32. Ra6 Bxe3 33. Qxe3 Kg7 34. Nf3 h6
35. Qf2 Qb8 36. Bd1 Ne7 37. Be2 g5 38. g3 Ng6 39. Nd2 Ne7 40. Rfa1 Qc7 41. Nf1
Rfb8 42. Ne3 Rf8 43. Kg2 Rh8 44. Kf1 Rf8 45. Ke1 Nc8 46. Kd2 Ne7 47. Kc2 Ng6
48. Nf5+ Bxf5 49. gxf5 Ne7 50. Bh5 Rfb8 51. R1a5 Rb6 52. Rxb6 Rxb6 53. Be8 Qb7
54. Bxb5 Rxb5 55. Ra7 Nc8 56. Rxb7+ Rxb7 57. Qe2 Nb6 58. Qh5 Rf7 59. Qg6+ Kf8
60. Qxh6+ Ke7 61. Qh8 Rf8 62. Qg7+ Rf7 63. Qg8 1-0

[Event "Mazowiecki Festiwal Szachowy - gr. A"]
[Site "Grodzisk Mazowiecki"]
[Date "2007.07.22"]
[Round "3"]
[White "Melkumyan, Hrant"]
[Black "Grabarczyk, Miroslaw"]
[Result "1-0"]
[WhiteElo "2399"]
[BlackElo "2482"]
[PlyCount "99"]
[EventDate "2007.07.20"]

1. d4 d5 2. c4 c6 3. Nc3 Nf6 4. Nf3 a6 5. cxd5 cxd5 6. Bf4 Nc6 7. Rc1 e6 8. e3
Bd6 9. Bd3 Bxf4 10. exf4 Qd6 11. Qd2 Bd7 12. O-O O-O 13. Bb1 Rfc8 14. Ne5 Be8
15. Rfe1 Qb4 16. Rcd1 Na5 17. f5 exf5 18. Bxf5 Rc7 19. Ng4 Nxg4 20. Nxd5 Qd6
21. Nxc7 Qxh2+ 22. Kf1 Bb5+ 23. Nxb5 Nc4 24. Qg5 Nf6 25. Nc7 Qxc7 26. b3 Nb6
27. Be4 Nbd7 28. Bf3 h6 29. Rc1 Qb6 30. Qf4 Nf8 31. d5 Ng6 32. Qc7 Qb5+ 33. Kg1
Nh4 34. Qf4 Nxf3+ 35. Qxf3 Rd8 36. Red1 Ne8 37. d6 Rxd6 38. Rc8 Re6 39. a4 Qb4
40. g3 Re7 41. Rdd8 Kf8 42. Kg2 f6 43. Qd5 Re5 44. Qd6+ Qxd6 45. Rxd6 Ke7 46.
Rb6 Nd6 47. Rc7+ Ke6 48. Rcxb7 a5 49. Rxg7 h5 50. Ra7 1-0

[Event "Mazowiecki Festiwal Szachowy - gr. A"]
[Site "Grodzisk Mazowiecki"]
[Date "2007.07.22"]
[Round "3"]
[White "Deszczynski, Adam"]
[Black "Socko, Monika"]
[Result "0-1"]
[WhiteElo "2351"]
[BlackElo "2479"]
[PlyCount "123"]
[EventDate "2007.07.20"]

1. e4 e6 2. d4 d5 3. Nc3 Bb4 4. e5 c5 5. a3 Bxc3+ 6. bxc3 Qa5 7. Bd2 Qa4 8. Qb1
c4 9. Nf3 Nc6 10. g3 Bd7 11. Bh3 O-O-O 12. O-O h6 13. Nh4 g5 14. Ng2 f5 15. Ne1
Nge7 16. f4 g4 17. Bg2 h5 18. Bh1 Qa5 19. Qc1 h4 20. Ng2 Ng6 21. gxh4 Nxh4 22.
Nxh4 Rxh4 23. Be1 Rh6 24. Qd2 Rdh8 25. Bg3 Ne7 26. Kf2 Ng6 27. Ke1 Qb6 28. Qf2
Qb2 29. Kd2 Ba4 30. Rac1 Ne7 31. Bg2 Nc6 32. Qe3 b5 33. Rfd1 Qxa3 34. Ke1 Qb2
35. Qd2 Kc7 36. Kf1 Rb8 37. Kg1 Rhh8 38. Qe1 a5 39. Rb1 Qa3 40. Ra1 Qe7 41. Ra2
Na7 42. Rda1 Nc8 43. Rxa4 bxa4 44. Rxa4 Rb5 45. Qa1 Kb6 46. Kf2 Na7 47. Qa2 Rb8
48. Ke3 Nc6 49. Kd2 Ka6 50. Rxc4 Qc7 51. Ra4 Rb1 52. Be1 R8b6 53. Bf1+ Kb7 54.
Bd3 Qe7 55. Qa3 Qxa3 56. Rxa3 Kc7 57. Bg3 Rh1 58. c4 dxc4 59. Bxc4 Nxd4 60.
Rxa5 Rc6 61. Bd3 Rg1 62. c4 0-1

[Event "Mazowiecki Festiwal Szachowy - gr. A"]
[Site "Grodzisk Mazowiecki"]
[Date "2007.07.22"]
[Round "3"]
[White "Yaremko, Nazar"]
[Black "Kuzmicz, Krystian"]
[Result "1/2-1/2"]
[WhiteElo "2351"]
[BlackElo "2418"]
[PlyCount "45"]
[EventDate "2007.07.20"]

1. Nf3 Nf6 2. c4 g6 3. g3 Bg7 4. Bg2 c5 5. O-O Nc6 6. d4 cxd4 7. Nxd4 O-O 8.
Nc3 Nxd4 9. Qxd4 d6 10. Qd2 Rb8 11. b3 Be6 12. Bb2 Qa5 13. Rfd1 Rfc8 14. a3 a6
15. b4 Qh5 16. Nd5 Bxd5 17. cxd5 Ng4 18. h3 Ne5 19. g4 Qh4 20. Bxe5 Bxe5 21.
Rac1 Qf6 22. Rxc8+ Rxc8 23. Rc1 1/2-1/2

[Event "Mazowiecki Festiwal Szachowy - gr. A"]
[Site "Grodzisk Mazowiecki"]
[Date "2007.07.22"]
[Round "3"]
[White "Szoen, Dariusz"]
[Black "Gluszko, Tomasz"]
[Result "1-0"]
[WhiteElo "2452"]
[BlackElo "2119"]
[PlyCount "97"]
[EventDate "2007.07.20"]

1. d4 Nf6 2. c4 g6 3. g3 Bg7 4. Bg2 d5 5. cxd5 Nxd5 6. Nf3 O-O 7. O-O Nc6 8. e4
Nb6 9. d5 Na5 10. Nc3 c6 11. Bf4 Nac4 12. Qb3 cxd5 13. exd5 Bf5 14. Rad1 Rc8
15. Bc1 Nd6 16. Rfe1 Nbc4 17. Nd4 Bd7 18. Qc2 Nf5 19. Nxf5 Bxf5 20. Qb3 Qd7 21.
Re2 Rfe8 22. Qb4 Bf6 23. Ne4 Bxe4 24. Rxe4 Nd6 25. Re2 Rc4 26. Qb3 Rec8 27. Bf4
b6 28. Rde1 Nf5 29. Qd3 Rd4 30. Qb1 Nh4 31. Be4 Qg4 32. Re3 Rd2 33. Rb3 Re2 34.
Rxe2 Qxe2 35. gxh4 Bxh4 36. Bg3 Bf6 37. Kg2 Qd2 38. Qd3 Qe1 39. Qe3 Qd1 40. Rd3
Qa1 41. b3 Rc1 42. d6 Rg1+ 43. Kf3 Qf1 44. dxe7 Qg2+ 45. Kf4 g5+ 46. Kf5 Qh3+
47. Kxf6 Qe6+ 48. Kxg5 Qxe7+ 49. Kh5 1-0

[Event "Mazowiecki Festiwal Szachowy - gr. A"]
[Site "Grodzisk Mazowiecki"]
[Date "2007.07.22"]
[Round "3"]
[White "Nguyen, Piotr"]
[Black "Malaniuk, Vladimir"]
[Result "0-1"]
[WhiteElo "2283"]
[BlackElo "2522"]
[PlyCount "42"]
[EventDate "2007.07.20"]

1. Nf3 Nf6 2. c4 d6 3. d4 Nbd7 4. Nc3 c6 5. e3 e5 6. Be2 Be7 7. O-O O-O 8. b4
Re8 9. a4 e4 10. Nd2 d5 11. Qb3 Nf8 12. cxd5 cxd5 13. Bb5 Bd6 14. Bxe8 Bxh2+
15. Kh1 Be6 16. g3 Ng4 17. Kg2 Qg5 18. Ndxe4 dxe4 19. d5 Bf5 20. Bb5 Qh5 21.
Ne2 Bg1 0-1

[Event "Mazowiecki Festiwal Szachowy - gr. A"]
[Site "Grodzisk Mazowiecki"]
[Date "2007.07.22"]
[Round "3"]
[White "Szymanski, Marcin"]
[Black "Kukawski, Maciej"]
[Result "0-1"]
[WhiteElo "2429"]
[BlackElo "2251"]
[PlyCount "74"]
[EventDate "2007.07.20"]

1. Nc3 e5 2. Nf3 Nc6 3. d4 exd4 4. Nxd4 Bc5 5. Be3 Bb4 6. g3 Nf6 7. Bg2 O-O 8.
O-O Ne5 9. Bg5 Bxc3 10. bxc3 h6 11. Bf4 d6 12. Rb1 c6 13. Nb3 Qe7 14. Qd4 Bf5
15. Na5 Rfb8 16. Rb2 Qc7 17. Qa4 Nfd7 18. Rfb1 Nb6 19. Qd4 Rd8 20. Be3 Ng6 21.
Qb4 c5 22. Qb3 Ne5 23. Nxb7 Be6 24. Qb5 Rdb8 25. Nxd6 Qxd6 26. Bxc5 Qc7 27.
Bxa8 Rxa8 28. Qa5 Nec4 29. Bxb6 Qd7 30. Qa6 Nxb2 31. Rxb2 Qd1+ 32. Kg2 Bd5+ 33.
f3 axb6 34. Qb5 Rc8 35. Kf2 Bc4 36. Qe5 b5 37. Rb4 Rd8 0-1

[Event "Mazowiecki Festiwal Szachowy - gr. A"]
[Site "Grodzisk Mazowiecki"]
[Date "2007.07.22"]
[Round "3.16"]
[White "Krysztofiak, Marcin"]
[Black "Czarnota, Dorota"]
[Result "1-0"]
[WhiteElo "2414"]
[BlackElo "2243"]
[PlyCount "119"]
[EventDate "2007.??.??"]

1. d4 Nf6 2. c4 g6 3. Nc3 Bg7 4. Nf3 O-O 5. Bg5 c5 6. e3 d6 7. Be2 h6 8. Bh4 a6
9. O-O g5 10. Bg3 Nh5 11. dxc5 Nxg3 12. hxg3 dxc5 13. Qb3 Nc6 14. Rad1 Qa5 15.
Na4 Be6 16. Nd2 b5 17. Nxc5 bxc4 18. Qa3 Bxb2 19. Qxa5 Nxa5 20. Nxe6 fxe6 21.
Bxc4 Nxc4 22. Nxc4 Bc3 23. Rd3 Bb4 24. Nb6 Rad8 25. Nd7 Rfe8 26. Rfd1 Rc8 27.
Rb1 a5 28. a3 Rc3 29. Rxc3 Bxc3 30. Nc5 Kf7 31. Rb3 Bf6 32. Rb5 Bc3 33. Ne4 Rc8
34. Nxc3 Rxc3 35. Rxa5 Rc1+ 36. Kh2 Rc2 37. f3 Re2 38. e4 g4 39. Kg1 gxf3 40.
gxf3 Ra2 41. a4 Kf6 42. Ra7 h5 43. a5 Ke5 44. a6 h4 45. gxh4 Kf4 46. Rxe7 Rxa6
47. Rf7+ Kg3 48. Kf1 Kxh4 49. Rg7 Ra2 50. Kg1 Rb2 51. f4 Rb5 52. Kf2 Rb3 53.
Rg6 Rb6 54. Ke3 Kh5 55. Rg5+ Kh6 56. Kd4 Ra6 57. Ke5 Ra4 58. Rg1 Ra6 59. Kf6
Kh7 60. Kf7 1-0

[Event "Mazowiecki Festiwal Szachowy - gr. A"]
[Site "Grodzisk Mazowiecki"]
[Date "2007.07.22"]
[Round "3.17"]
[White "Olszewski, Michal"]
[Black "Stoma, Pawel"]
[Result "1-0"]
[WhiteElo "2409"]
[BlackElo "2233"]
[PlyCount "87"]
[EventDate "2007.??.??"]

1. e4 c5 2. Nf3 e6 3. c3 d5 4. e5 Nc6 5. d4 Qb6 6. a3 c4 7. Nbd2 Bd7 8. b3 cxb3
9. Nxb3 Na5 10. Nxa5 Qxa5 11. Bd2 Qa4 12. Qb1 b6 13. Bd3 h5 14. O-O Be7 15. Ne1
Nh6 16. Nc2 Nf5 17. Bxf5 exf5 18. Ne3 Qb5 19. Qc2 g6 20. f4 Rc8 21. a4 Qc6 22.
Qb3 Be6 23. Rfb1 O-O 24. a5 Bd8 25. axb6 Bxb6 26. Qb5 Qxb5 27. Rxb5 Rfd8 28.
Kf2 Rb8 29. Ke2 Kf8 30. Bc1 Bc7 31. Rxb8 Bxb8 32. Ba3+ Kg7 33. Bc5 Rd7 34. Rb1
Rd8 35. Rb7 Bc8 36. Rb2 Bc7 37. Bxa7 f6 38. Bb6 Bxb6 39. exf6+ Kxf6 40. Rxb6+
Kf7 41. Nc2 Re8+ 42. Kf2 Be6 43. Ne1 Rc8 44. Nf3 1-0

[Event "Mazowiecki Festiwal Szachowy - gr. A"]
[Site "Grodzisk Mazowiecki"]
[Date "2007.07.22"]
[Round "3.19"]
[White "Leniart, Arkadiusz"]
[Black "Tokarski, Lukasz"]
[Result "0-1"]
[WhiteElo "2357"]
[BlackElo "2168"]
[PlyCount "66"]
[EventDate "2007.??.??"]

1. d4 Nf6 2. Nf3 c5 3. d5 b5 4. a4 b4 5. Bg5 Bb7 6. Bxf6 exf6 7. e3 d6 8. Bb5+
Nd7 9. O-O Be7 10. e4 O-O 11. a5 Rb8 12. Bc4 Ne5 13. Nxe5 fxe5 14. Qd3 Bc8 15.
Nd2 Bg5 16. Nb3 f5 17. f3 Rf6 18. a6 Rh6 19. g3 fxe4 20. fxe4 Bh3 21. Rf3 Rf6
22. Na5 Qf8 23. Rxf6 Qxf6 24. Qe2 Rf8 25. Bd3 h5 26. Nc4 h4 27. Kh1 hxg3 28.
hxg3 Qh6 29. Kg1 Rf6 30. Ra5 Bf4 31. gxf4 Rg6+ 32. Kf2 Qh4+ 33. Ke3 Qxf4# 0-1

[Event "Mazowiecki Festiwal Szachowy - gr. A"]
[Site "Grodzisk Mazowiecki"]
[Date "2007.07.22"]
[Round "3.21"]
[White "Skalski, Michal"]
[Black "Janczarski, Michal"]
[Result "1/2-1/2"]
[WhiteElo "2330"]
[BlackElo "2088"]
[PlyCount "104"]
[EventDate "2007.??.??"]

1. Nf3 Nf6 2. c4 g6 3. g3 Bg7 4. Bg2 d6 5. O-O e5 6. Nc3 O-O 7. d3 Nc6 8. Rb1
a5 9. a3 h6 10. b4 axb4 11. axb4 Be6 12. b5 Ne7 13. Bb2 Qd7 14. Re1 Nh5 15. Qb3
f5 16. Ra1 f4 17. Ne4 fxg3 18. hxg3 Nf6 19. Nxf6+ Bxf6 20. Nd2 c6 21. Ne4 Bg7
22. Qb4 c5 23. Qd2 Rxa1 24. Rxa1 Nc8 25. Ra8 Kh7 26. Rb8 Kh8 27. Nc3 Qf7 28.
Qe3 b6 29. Rb7 Qf6 30. Nd5 Qd8 31. f4 Bxd5 32. Bxd5 Ne7 33. Be4 exf4 34. Bxg7+
Kxg7 35. gxf4 Rf7 36. Qh3 d5 37. Rd7 Qb8 38. cxd5 Qxf4 39. Bf3 Qe3+ 40. Kg2 Nf5
41. Rxf7+ Kxf7 42. Qh2 Qg5+ 43. Kf1 Qc1+ 44. Kf2 Qe3+ 45. Kg2 Qg5+ 46. Kf2 Qh4+
47. Qxh4 Nxh4 48. Bg4 Ke7 49. e4 Kd6 50. Kg3 g5 51. Bh5 Ke5 52. Be8 Kd6 1/2-1/2

[Event "Mazowiecki Festiwal Szachowy - gr. A"]
[Site "Grodzisk Mazowiecki"]
[Date "2007.07.22"]
[Round "3.22"]
[White "Strzemiecki, Zbigniew"]
[Black "Zurkowski, Andrzej"]
[Result "1-0"]
[WhiteElo "2306"]
[BlackElo "2015"]
[PlyCount "107"]
[EventDate "2007.??.??"]

1. e4 c5 2. Nf3 Nc6 3. d4 cxd4 4. Nxd4 Nf6 5. Nc3 e6 6. Ndb5 Bb4 7. a3 Bxc3+ 8.
Nxc3 d5 9. exd5 exd5 10. Bd3 O-O 11. O-O d4 12. Ne2 Re8 13. Bg5 h6 14. Bh4 a6
15. Qd2 Qd6 16. Bg3 Qe7 17. Rfe1 Be6 18. Nf4 Qd7 19. Nxe6 fxe6 20. Bg6 Re7 21.
Re2 Qd5 22. Rae1 Rd8 23. Qd3 Kh8 24. f3 Qd7 25. Be4 Nd5 26. Bxd5 Qxd5 27. Bh4
g5 28. Bg3 e5 29. Qf5 Rde8 30. h4 Qe6 31. Qe4 Qf6 32. Qg4 Kg7 33. Re4 Kg6 34.
Qh3 Rg8 35. Qh2 Rge8 36. Rg4 Rg8 37. Rge4 Rge8 38. Kf2 Kf7 39. Rh1 Ke6 40. hxg5
hxg5 41. Qh5 Kd5 42. Qg4 Qg6 43. Rhe1 b5 44. c3 Kc5 45. Kg1 dxc3 46. Bf2+ Kd6
47. bxc3 Kc7 48. c4 Rd8 49. cxb5 axb5 50. a4 Rd5 51. axb5 Rxb5 52. Rc1 Kb7 53.
Rec4 Rc7 54. Rxc6 1-0

[Event "Mazowiecki Festiwal Szachowy - gr. A"]
[Site "Grodzisk Mazowiecki"]
[Date "2007.07.22"]
[Round "3.23"]
[White "Staroszczyk, Mateusz"]
[Black "Adamski, Jan"]
[Result "0-1"]
[WhiteElo "2050"]
[BlackElo "2354"]
[PlyCount "66"]
[EventDate "2007.??.??"]

1. e4 c5 2. Nf3 e6 3. d4 cxd4 4. Nxd4 a6 5. Bd3 Nf6 6. O-O d6 7. c4 Bd7 8. Nc3
Nc6 9. Nxc6 Bxc6 10. b4 b6 11. Qe2 g6 12. Bb2 Bg7 13. a4 a5 14. b5 Bb7 15. Rfd1
Qc7 16. Qd2 O-O 17. Rac1 Rfd8 18. f3 Nd7 19. Ne2 Nc5 20. Bxg7 Kxg7 21. Qc2 Qe7
22. Nd4 e5 23. Ne2 Rac8 24. Nc3 Qg5 25. Kf2 Rc7 26. g3 Rf8 27. h4 Qd8 28. h5
Qg5 29. Rh1 f5 30. Rce1 Rcf7 31. Kg2 fxe4 32. Nxe4 Nxe4 33. Bxe4 Rxf3 0-1

[Event "Mazowiecki Festiwal Szachowy - gr. A"]
[Site "Grodzisk Mazowiecki"]
[Date "2007.07.22"]
[Round "3.25"]
[White "Roszkowski, Rafal"]
[Black "Sarwinski, Miroslaw"]
[Result "1/2-1/2"]
[WhiteElo "2114"]
[BlackElo "2313"]
[PlyCount "89"]
[EventDate "2007.??.??"]

1. e4 e5 2. d4 exd4 3. Nf3 d5 4. Qxd4 Nf6 5. exd5 Qxd5 6. Qxd5 Nxd5 7. Bc4 Nb6
8. Bb3 Be7 9. Bf4 Bf6 10. c3 Na6 11. Nbd2 O-O 12. O-O-O Bf5 13. Bc2 Bxc2 14.
Kxc2 Nd5 15. Bg3 Rfe8 16. Nb3 c6 17. Rhe1 h5 18. a3 Rxe1 19. Rxe1 Rc8 20. Rd1
Be7 21. Na5 Nc5 22. b4 Ne4 23. c4 b6 24. Nxc6 Rxc6 25. Rxd5 Nxg3 26. Ne5 Rc8
27. hxg3 f6 28. Ng6 Rxc4+ 29. Kd3 Rc7 30. Rxh5 Kf7 31. Nxe7 Kxe7 32. Rh7 Kf7
33. Rh1 Ke6 34. Re1+ Kd5 35. f3 Kd6 36. Kd2 a5 37. bxa5 bxa5 38. Re3 Rc4 39.
Rc3 Ra4 40. Rd3+ Kc5 41. Rc3+ Kd4 42. Rd3+ Kc5 43. Rc3+ Kd4 44. Rb3 Kc5 45.
Rc3+ 1/2-1/2

[Event "Mazowiecki Festiwal Szachowy - gr. A"]
[Site "Grodzisk Mazowiecki"]
[Date "2007.07.22"]
[Round "3.26"]
[White "Witek, Tomasz"]
[Black "Jedryczka, Krystian"]
[Result "1-0"]
[WhiteElo "2105"]
[BlackElo "2299"]
[PlyCount "108"]
[EventDate "2007.??.??"]

1. d4 d5 2. Nf3 Nf6 3. Bg5 Nbd7 4. e3 e6 5. Bd3 c5 6. c3 Bd6 7. Nbd2 Qc7 8. O-O
O-O 9. Qe2 Re8 10. Rfe1 e5 11. dxe5 Bxe5 12. Nxe5 Qxe5 13. Nf3 Qe6 14. c4 Nb6
15. cxd5 Nfxd5 16. Rac1 Nb4 17. Bb5 Bd7 18. Rxc5 Qxa2 19. Bxd7 Nxd7 20. Rb5 a5
21. Rd1 Nf8 22. Rxb7 Ne6 23. h3 Rac8 24. Qb5 Qb3 25. Rd2 Qa2 26. Qf5 f6 27.
Bxf6 Rf8 28. Ng5 g6 29. Qxe6+ Qxe6 30. Nxe6 Rxf6 31. Nf4 Rf7 32. Rb5 Rc1+ 33.
Kh2 Ra1 34. Kg3 Kg7 35. Ne6+ Kh6 36. Rd4 g5 37. Nxg5 Rg7 38. Rb6+ Rg6 39. Rxg6+
Kxg6 40. h4 Ra2 41. Rd6+ Kg7 42. Rd7+ Kg6 43. Kg4 h5+ 44. Kg3 Rxb2 45. Rf7 Nd3
46. f4 Rb5 47. Re7 Nc5 48. e4 Rb3+ 49. Kh2 a4 50. Rc7 Rb5 51. f5+ Kf6 52. Nh7+
Ke5 53. Re7+ Kd6 54. f6 Nd7 1-0

[Event "Mazowiecki Festiwal Szachowy - gr. A"]
[Site "Grodzisk Mazowiecki"]
[Date "2007.07.22"]
[Round "3.28"]
[White "Przezdziecka, Ewa"]
[Black "Ostrowski, Pawel"]
[Result "0-1"]
[WhiteElo "2147"]
[BlackElo "2058"]
[PlyCount "80"]
[EventDate "2007.??.??"]

1. d4 Nf6 2. Nf3 d6 3. c4 h6 4. h3 Bf5 5. Nc3 Nbd7 6. g4 Bh7 7. Bf4 c6 8. e3
Qa5 9. a3 Ne4 10. b4 Nxc3 11. Qb3 Qc7 12. Qxc3 Be4 13. Bg2 Bxf3 14. Bxf3 e5 15.
Bg3 Be7 16. O-O O-O 17. Be4 Bf6 18. Rad1 Rfd8 19. f4 Re8 20. Qd3 Nf8 21. h4
exf4 22. exf4 c5 23. bxc5 dxc5 24. d5 Bd4+ 25. Kg2 Qa5 26. f5 Nh7 27. Bf4 Nf6
28. Bf3 Nd7 29. g5 hxg5 30. hxg5 Ne5 31. Bxe5 Rxe5 32. g6 fxg6 33. fxg6 Qd8 34.
Bg4 Qg5 35. Qg3 Rae8 36. Rde1 Qd2+ 37. Kh3 Rxe1 38. Rxe1 Qxe1 39. Be6+ Rxe6 40.
dxe6 Qxg3+ 0-1

[Event "Mazowiecki Festiwal Szachowy - gr. A"]
[Site "Grodzisk Mazowiecki"]
[Date "2007.07.22"]
[Round "3.29"]
[White "Llanezavega, Victor"]
[Black "Moskwinski, Tadeusz"]
[Result "1-0"]
[WhiteElo "2020"]
[BlackElo "2246"]
[PlyCount "51"]
[EventDate "2007.??.??"]

1. e4 c5 2. Nf3 e6 3. d4 cxd4 4. Nxd4 Nf6 5. Nc3 d6 6. Bg5 Nc6 7. Bb5 Bd7 8.
O-O Qc7 9. Qd2 Be7 10. Rfd1 Rd8 11. f4 O-O 12. f5 d5 13. Bxc6 bxc6 14. e5 c5
15. exf6 gxf6 16. Bh6 cxd4 17. Qe2 Kh8 18. Nxd5 d3 19. Bg7+ Kg8 20. Qg4 Qc5+
21. Kh1 h5 22. Nxe7+ Qxe7 23. Qxh5 Kxg7 24. Rxd3 Rg8 25. Rg3+ Kf8 26. Qh6+ 1-0

[Event "Mazowiecki Festiwal Szachowy - gr. A"]
[Site "Grodzisk Mazowiecki"]
[Date "2007.07.22"]
[Round "3.30"]
[White "Lapinski, Krzysztof"]
[Black "Krasiewicz, Robert"]
[Result "1-0"]
[WhiteElo "2175"]
[BlackElo "2042"]
[PlyCount "91"]
[EventDate "2007.??.??"]

1. e4 e6 2. d4 d5 3. Nc3 Nf6 4. Bg5 Bb4 5. e5 h6 6. Bd2 Bxc3 7. bxc3 Ne4 8. Qg4
g6 9. Bd3 Nxd2 10. Kxd2 c5 11. h4 Qa5 12. Nf3 Nc6 13. Qf4 cxd4 14. Nxd4 Nxd4
15. Qxd4 Bd7 16. h5 g5 17. f4 Rg8 18. g4 gxf4 19. Qxf4 Rc8 20. Qd4 Qc5 21. Rhg1
Rg5 22. Rgf1 Ke7 23. Qxc5+ Rxc5 24. Rf6 Rxe5 25. Raf1 Be8 26. Rxh6 Rg5 27. Rh8
Rxg4 28. Rh1 f5 29. h6 Bg6 30. h7 Bxh7 31. R8xh7+ Kd6 32. Re1 d4 33. c4 Ra5 34.
Rh6 Rg2+ 35. Kc1 Rxa2 36. Rhxe6+ Kc5 37. Kb1 Ra3 38. R1e5+ Kb4 39. Re2 Rg1+ 40.
Re1 Rxe1+ 41. Rxe1 Ra5 42. Kb2 Rc5 43. Re7 f4 44. Rxb7+ Ka5 45. Rxa7+ Kb6 46.
Rf7 1-0

[Event "Mazowiecki Festiwal Szachowy - gr. A"]
[Site "Grodzisk Mazowiecki"]
[Date "2007.07.22"]
[Round "3.31"]
[White "Przybyla, Kamil"]
[Black "Matuszewski, Michal"]
[Result "0-1"]
[WhiteElo "2035"]
[BlackElo "2144"]
[PlyCount "74"]
[EventDate "2007.??.??"]

1. Nf3 c5 2. g3 Nf6 3. Bg2 Nc6 4. O-O d5 5. d3 e6 6. Nbd2 Be7 7. e4 O-O 8. Re1
b5 9. e5 Nd7 10. Nf1 Bb7 11. h4 d4 12. N1h2 Rb8 13. Ng4 Nb4 14. Ng5 Bxg2 15.
Kxg2 h6 16. Nxh6+ gxh6 17. Qh5 Bxg5 18. hxg5 Re8 19. g6 f6 20. Bxh6 Qe7 21. Rh1
Nxe5 22. Bf8 Qb7+ 23. f3 Kxf8 24. Qh8+ Ke7 25. Rh7+ Kd6 26. Qxf6 Qxf3+ 27. Qxf3
Nxf3 28. Kxf3 Rg8 29. Rh6 Nxc2 30. Rah1 Rbf8+ 31. Kg4 Ne3+ 32. Kg5 Rf5+ 33. Kh4
c4 34. Rh2 Rf3 35. dxc4 Nf5+ 36. Kg4 Rxg3+ 37. Kf4 e5+ 0-1

[Event "Mazowiecki Festiwal Szachowy - gr. A"]
[Site "Grodzisk Mazowiecki"]
[Date "2007.07.22"]
[Round "3.32"]
[White "Jensen, Christine"]
[Black "Brudzinski, Maciej"]
[Result "1-0"]
[WhiteElo "2018"]
[BlackElo "2114"]
[PlyCount "101"]
[EventDate "2007.??.??"]

1. d4 Nf6 2. c4 c5 3. d5 b5 4. cxb5 a6 5. Nc3 g6 6. e4 d6 7. f3 Bg7 8. Be3 O-O
9. Qd2 Re8 10. a4 Bd7 11. Ra3 Qc7 12. Bc4 Qb7 13. Nge2 h5 14. O-O Kh7 15. h3
Rh8 16. f4 Qc8 17. e5 Ne8 18. Ne4 Bf5 19. Ng5+ Kg8 20. e6 f6 21. Nf7 Rh7 22.
Ng3 Bf8 23. Nxf5 gxf5 24. Qc2 Rxf7 25. exf7+ Kxf7 26. Bd3 Ng7 27. g4 hxg4 28.
hxg4 axb5 29. axb5 Nd7 30. Bxf5 Nxf5 31. Qxf5 Nb6 32. Qh5+ Kg7 33. Rf2 Qe8 34.
Rh2 Qxh5 35. Rxh5 Rb8 36. b3 Kf7 37. Ra6 Bg7 38. Kf2 Nd7 39. Ra5 Nb6 40. Kf3 e5
41. Ra7+ Kg8 42. fxe5 dxe5 43. Ke4 Rd8 44. Bxc5 Nxd5 45. b6 Nc3+ 46. Kf5 Nb5
47. b7 Nc7 48. Bb6 Kf7 49. Bxc7 Rd4 50. Bxe5 fxe5 51. b8=Q+ 1-0